000 00654nam a2200241Ia 4500
003 OSt
005 20221005065941.0
006 a|||||r|||| 00| 0
007 ta
008 221004b |||||||| |||| 00| 0 mar d
024 _a40161
037 _cTextual
040 _aCRL
_cCRL
_bmar
041 _2mar
_amar
082 _aO155,1x(Delta25), N0
100 _aPangarkar Lakshman
_9605150
245 0 _aBhaktimarg pardeep
260 _aMumbai
_bIndia
_c1990
300 _a211p.
_ccm.
650 _aMARATHI LITERATURE
_938000
942 _hO155,1x(Delta25), N0
_cTEXL
_2cc
999 _c975446
_d975446